Gestaltungsfreiheit für neue Rechtsformen. Herausforderung an jeden Landwirt.

Doterajšie podnikateľské formy v poľnohospodárstve NDR a nové právne formy, z ktorých si môže vybrať každý roľník pri rozhodovaní o svojej budúcnosti. Možnosti poľnohospodárskych družstiev uplatniť sa za podmienok trhového hospodárstva.

Na minha lista:
Detalhes bibliográficos
Autor principal: Steding, R.
Formato: Capítulo de Livro
Idioma:alemão
Assuntos:
Tags: Adicionar Tag
Sem tags, seja o primeiro a adicionar uma tag!

MARC

LEADER 00000naa a2200000 4500
001 r002033
005 20220818101537.2
041 0 |a ger 
044 |a DE 
245 1 0 |a Gestaltungsfreiheit für neue Rechtsformen.  |b Herausforderung an jeden Landwirt.  |c R. Steding 
520 |a Doterajšie podnikateľské formy v poľnohospodárstve NDR a nové právne formy, z ktorých si môže vybrať každý roľník pri rozhodovaní o svojej budúcnosti. Možnosti poľnohospodárskych družstiev uplatniť sa za podmienok trhového hospodárstva. 
610 2 0 |a podnikanie 
610 2 0 |a roľníci 
610 2 0 |a NDR 
610 2 0 |a predpisy právne 
610 2 0 |a družstvá poľnohospodárske 
610 2 0 |a hospodárstvo trhové 
100 1 |a Steding, R.